[Event "Kadettlandskamp NOR-SWE A 2018"]
[Site "NTG, Bærum, Norway"]
[Date "2018.12.15"]
[Round "8.1"]
[White "Vestby-Ellingsen, Mads"]
[Black "Carlsson, Ludvig"]
[Result "1-0"]
[WhiteTitle "FM"]
[BlackTitle "CM"]
[WhiteFideId "1520857"]
[BlackFideId "1727010"]
[WhiteElo "2009"]
[BlackElo "1978"]

1. d4 {[%clk 00:15:18]} {[%emt 00:00:01]} Nf6 {[%clk 00:15:12]} {[%emt
00:00:08]} 2. c4 {[%clk 00:15:23]} {[%emt 00:00:04]} g6 {[%clk 00:15:19]}
{[%emt 00:00:03]} 3. Nf3 {[%clk 00:15:26]} {[%emt 00:00:07]} Bg7 {[%clk
00:15:27]} {[%emt 00:00:03]} 4. g3 {[%clk 00:15:32]} {[%emt 00:00:04]} c6
{[%clk 00:15:34]} {[%emt 00:00:03]} 5. Bg2 {[%clk 00:15:37]} {[%emt 00:00:04]}
d5 {[%clk 00:15:40]} {[%emt 00:00:03]} 6. cxd5 {[%clk 00:15:37]} {[%emt
00:00:11]} cxd5 {[%clk 00:15:48]} {[%emt 00:00:02]} 7. O-O {[%clk 00:15:32]}
{[%emt 00:00:15]} O-O {[%clk 00:15:55]} {[%emt 00:00:04]} 8. Nc3 {[%clk
00:15:23]} {[%emt 00:00:19]} Ne4 {[%clk 00:16:02]} {[%emt 00:00:02]} 9. e3
{[%clk 00:15:10]} {[%emt 00:00:24]} Nxc3 {[%clk 00:15:45]} {[%emt 00:00:27]} 10.
bxc3 {[%clk 00:15:16]} {[%emt 00:00:03]} Nc6 {[%clk 00:15:52]} {[%emt
00:00:03]} 11. Nd2 {[%clk 00:14:13]} {[%emt 00:01:12]} Qd7 {[%clk 00:14:19]}
{[%emt 00:01:45]} 12. Qb3 {[%clk 00:13:18]} {[%emt 00:01:05]} e6 {[%clk
00:14:24]} {[%emt 00:00:04]} 13. Ba3 {[%clk 00:09:40]} {[%emt 00:03:49]} Rd8
{[%clk 00:14:31]} {[%emt 00:00:03]} 14. c4 {[%clk 00:09:47]} {[%emt 00:00:03]}
dxc4 {[%clk 00:14:38]} {[%emt 00:00:03]} 15. Nxc4 {[%clk 00:09:46]} {[%emt
00:00:11]} b6 {[%clk 00:14:23]} {[%emt 00:00:26]} 16. Rac1 {[%clk 00:08:14]}
{[%emt 00:01:41]} Bb7 {[%clk 00:13:59]} {[%emt 00:00:33]} 17. Qb1 {[%clk
00:06:36]} {[%emt 00:01:48]} Bf8 {[%clk 00:11:47]} {[%emt 00:02:22]} 18. Bxf8
{[%clk 00:05:43]} {[%emt 00:01:03]} Kxf8 {[%clk 00:11:52]} {[%emt 00:00:06]} 19.
Rfd1 {[%clk 00:05:39]} {[%emt 00:00:13]} Rac8 {[%clk 00:10:51]} {[%emt
00:01:12]} 20. d5 {[%clk 00:04:47]} {[%emt 00:01:02]} exd5 {[%clk 00:10:59]}
{[%emt 00:00:02]} 21. Rxd5 {[%clk 00:04:45]} {[%emt 00:00:12]} Qe7 {[%clk
00:11:06]} {[%emt 00:00:03]} 22. Rcd1 {[%clk 00:04:12]} {[%emt 00:00:42]} Rxd5
{[%clk 00:06:27]} {[%emt 00:04:49]} 23. Bxd5 {[%clk 00:04:19]} {[%emt
00:00:04]} Nd8 {[%clk 00:05:58]} {[%emt 00:00:39]} 24. Qb2 {[%clk 00:02:51]}
{[%emt 00:01:37]} Kg8 {[%clk 00:06:07]} {[%emt 00:00:01]} 25. Ne5 {[%clk
00:02:25]} {[%emt 00:00:37]} Bxd5 {[%clk 00:05:20]} {[%emt 00:00:57]} 26. Ng4
{[%clk 00:01:51]} {[%emt 00:00:44]} Qf8 {[%clk 00:03:14]} {[%emt 00:02:17]} 27.
Nf6+ {[%clk 00:01:33]} {[%emt 00:00:27]} Kh8 {[%clk 00:03:23]} {[%emt
00:00:01]} 28. Nxd5+ {[%clk 00:00:17]} {[%emt 00:01:26]} Qg7 {[%clk 00:03:28]}
{[%emt 00:00:04]} 29. Qa3 {[%clk 00:00:22]} {[%emt 00:00:06]} f5 {[%clk
00:01:53]} {[%emt 00:01:45]} 30. Ne7 {[%clk 00:00:18]} {[%emt 00:00:14]} Ra8
{[%clk 00:01:49]} {[%emt 00:00:15]} 31. Qxa7 {[%clk 00:00:12]} {[%emt
00:00:16]} Rxa7 {[%clk 00:01:56]} {[%emt 00:00:02]} 32. Rxd8+ {[%clk 00:00:20]}
{[%emt 00:00:02]} Qf8 {[%clk 00:02:05]} {[%emt 00:00:02]} 33. Rxf8+ {[%clk
00:00:27]} {[%emt 00:00:03]} Kg7 {[%clk 00:02:13]} {[%emt 00:00:01]} 34. Re8
{[%clk 00:00:12]} {[%emt 00:00:26]} Kf7 {[%clk 00:02:15]} {[%emt 00:00:07]} 35.
Nc8 {[%clk 00:00:19]} {[%emt 00:00:02]} Rxa2 {[%clk 00:02:00]} {[%emt
00:00:26]} 36. Nd6+ {[%clk 00:00:26]} {[%emt 00:00:03]} Kg7 {[%clk 00:02:07]}
{[%emt 00:00:03]} 37. Rb8 {[%clk 00:00:32]} {[%emt 00:00:03]} Rb2 {[%clk
00:02:15]} {[%emt 00:00:03]} 38. Kg2 {[%clk 00:00:38]} {[%emt 00:00:04]} Kh6
{[%clk 00:02:23]} {[%emt 00:00:03]} 39. Nc4 {[%clk 00:00:41]} {[%emt 00:00:06]}
Rb4 {[%clk 00:02:31]} {[%emt 00:00:02]} 40. Nxb6 {[%clk 00:00:48]} {[%emt
00:00:04]} Rb2 {[%clk 00:02:40]} {[%emt 00:00:02]} 41. Nd7 {[%clk 00:00:52]}
{[%emt 00:00:05]} Rd2 {[%clk 00:02:45]} {[%emt 00:00:05]} 42. Rb7 {[%clk
00:00:57]} {[%emt 00:00:05]} Kg5 {[%clk 00:02:52]} {[%emt 00:00:03]} 43. Ne5
{[%clk 00:00:59]} {[%emt 00:00:09]} h5 {[%clk 00:02:56]} {[%emt 00:00:06]} 44.
Nf3+ {[%clk 00:01:06]} {[%emt 00:00:03]} Kg4 {[%clk 00:03:04]} {[%emt
00:00:02]} 45. h3# {[%emt 00:00:02]} 1-0

[Event "Kadettlandskamp NOR-SWE A 2018"]
[Site "NTG, Bærum, Norway"]
[Date "2018.12.15"]
[Round "8.2"]
[White "Sjøberg, Isak"]
[Black "Törngren, Gustav"]
[Result "0-1"]
[BlackFideId "1728970"]
[WhiteElo "2019"]
[BlackElo "1909"]

1. e4 {[%clk 00:15:17]} {[%emt 00:00:03]} c5 {[%clk 00:15:18]} {[%emt
00:00:03]} 2. b3 {[%clk 00:15:24]} {[%emt 00:00:03]} Nc6 {[%clk 00:15:23]}
{[%emt 00:00:05]} 3. Bb2 {[%clk 00:15:32]} {[%emt 00:00:02]} e5 {[%clk
00:15:32]} 4. Nf3 {[%clk 00:15:38]} {[%emt 00:00:04]} d6 {[%clk 00:15:40]}
{[%emt 00:00:03]} 5. Bc4 {[%clk 00:15:45]} {[%emt 00:00:03]} g6 {[%clk
00:15:49]} {[%emt 00:00:01]} 6. O-O {[%clk 00:15:48]} {[%emt 00:00:07]} Bg7
{[%clk 00:15:57]} {[%emt 00:00:02]} 7. d3 {[%clk 00:15:57]} {[%emt 00:00:02]}
Nge7 {[%clk 00:16:06]} {[%emt 00:00:01]} 8. Nc3 {[%clk 00:16:03]} {[%emt
00:00:04]} O-O {[%clk 00:16:11]} {[%emt 00:00:04]} 9. Ne1 {[%clk 00:15:58]}
{[%emt 00:00:15]} a6 {[%clk 00:15:56]} {[%emt 00:00:25]} 10. a4 {[%clk
00:16:06]} {[%emt 00:00:01]} h6 {[%clk 00:15:32]} {[%emt 00:00:35]} 11. Nd5
{[%clk 00:15:39]} {[%emt 00:00:36]} Rb8 {[%clk 00:14:59]} {[%emt 00:00:44]} 12.
Nxe7+ {[%clk 00:15:30]} {[%emt 00:00:19]} Qxe7 {[%clk 00:14:45]} {[%emt
00:00:24]} 13. a5 {[%clk 00:15:26]} {[%emt 00:00:13]} Kh7 {[%clk 00:14:44]}
{[%emt 00:00:11]} 14. f4 {[%clk 00:15:28]} {[%emt 00:00:08]} f5 {[%clk
00:14:10]} {[%emt 00:00:45]} 15. exf5 {[%clk 00:15:18]} {[%emt 00:00:20]} Rxf5
{[%clk 00:14:13]} {[%emt 00:00:06]} 16. Qd2 {[%clk 00:14:29]} {[%emt 00:00:59]}
exf4 {[%clk 00:14:03]} {[%emt 00:00:21]} 17. Bxg7 {[%clk 00:14:21]} {[%emt
00:00:17]} Qxg7 {[%clk 00:14:09]} {[%emt 00:00:04]} 18. Ra4 {[%clk 00:14:23]}
{[%emt 00:00:09]} d5 {[%clk 00:13:59]} {[%emt 00:00:20]} 19. Bxd5 {[%clk
00:14:16]} {[%emt 00:00:17]} Rxd5 {[%clk 00:13:56]} {[%emt 00:00:13]} 20. Raxf4
{[%clk 00:14:24]} {[%emt 00:00:02]} Be6 {[%clk 00:13:29]} {[%emt 00:00:38]} 21.
Nf3 {[%clk 00:14:30]} {[%emt 00:00:04]} Nd4 {[%clk 00:12:45]} {[%emt 00:00:54]}
22. Qe3 {[%clk 00:13:37]} {[%emt 00:01:02]} Nxf3+ {[%clk 00:11:47]} {[%emt
00:01:08]} 23. R1xf3 {[%clk 00:13:45]} {[%emt 00:00:03]} Bg8 {[%clk 00:11:12]}
{[%emt 00:00:45]} 24. Re4 {[%clk 00:13:36]} {[%emt 00:00:18]} Kh8 {[%clk
00:07:03]} {[%emt 00:04:20]} 25. c4 {[%clk 00:13:04]} {[%emt 00:00:41]} Rd7
{[%clk 00:06:04]} {[%emt 00:01:08]} 26. Qxc5 {[%clk 00:13:04]} {[%emt
00:00:10]} Rbd8 {[%clk 00:05:22]} {[%emt 00:00:53]} 27. Ree3 {[%clk 00:11:59]}
{[%emt 00:01:15]} Qa1+ {[%clk 00:03:53]} {[%emt 00:01:39]} 28. Kf2 {[%clk
00:11:40]} {[%emt 00:00:29]} Qb2+ {[%clk 00:03:45]} {[%emt 00:00:18]} 29. Kg3
{[%clk 00:11:47]} {[%emt 00:00:03]} Qg7 {[%clk 00:03:21]} {[%emt 00:00:35]} 30.
Kf2 {[%clk 00:11:23]} {[%emt 00:00:33]} Rf7 {[%clk 00:03:26]} {[%emt 00:00:05]}
31. Qb6 {[%clk 00:11:26]} {[%emt 00:00:07]} Rxf3+ {[%clk 00:03:23]} {[%emt
00:00:13]} 32. gxf3 {[%clk 00:11:35]} {[%emt 00:00:02]} Rd7 {[%clk 00:02:54]}
{[%emt 00:00:39]} 33. b4 {[%clk 00:11:19]} {[%emt 00:00:26]} Qb2+ {[%clk
00:02:39]} {[%emt 00:00:26]} 34. Kg3 {[%clk 00:11:14]} {[%emt 00:00:13]} Kg7
{[%clk 00:02:38]} {[%emt 00:00:12]} 35. b5 {[%clk 00:10:13]} {[%emt 00:01:12]}
axb5 {[%clk 00:02:10]} {[%emt 00:00:38]} 36. cxb5 {[%clk 00:10:22]} {[%emt
00:00:02]} Qf6 {[%clk 00:02:05]} {[%emt 00:00:14]} 37. Qc5 {[%clk 00:10:04]}
{[%emt 00:00:28]} Bf7 {[%clk 00:01:42]} {[%emt 00:00:33]} 38. h4 {[%clk
00:09:57]} {[%emt 00:00:18]} Rd4 {[%clk 00:01:14]} {[%emt 00:00:37]} 39. Re4
{[%clk 00:09:49]} {[%emt 00:00:19]} Rxd3 {[%clk 00:01:18]} {[%emt 00:00:05]} 40.
Rf4 {[%clk 00:09:56]} {[%emt 00:00:03]} Qd6 {[%clk 00:00:29]} {[%emt 00:01:00]}
41. Qxd6 Rxd6 {[%clk 00:00:38]} 42. Ra4 {[%clk 00:09:13]} {[%emt 00:00:01]} Be8
{[%clk 00:00:14]} {[%emt 00:00:34]} 43. Re4 {[%clk 00:09:05]} {[%emt 00:00:18]}
Bxb5 {[%clk 00:00:23]} {[%emt 00:00:01]} 44. Re7+ {[%clk 00:09:15]} Kf6 {[%clk
00:00:33]} {[%emt 00:00:02]} 45. Rxb7 {[%clk 00:09:23]} {[%emt 00:00:01]} Ba6
{[%clk 00:00:25]} {[%emt 00:00:16]} 46. Ra7 {[%clk 00:09:16]} {[%emt 00:00:18]}
h5 {[%clk 00:00:26]} {[%emt 00:00:10]} 47. Ra8 {[%clk 00:09:21]} {[%emt
00:00:05]} Bb7 {[%clk 00:00:13]} {[%emt 00:00:22]} 48. Ra7 {[%clk 00:09:26]}
{[%emt 00:00:05]} Ba6 {[%clk 00:00:21]} {[%emt 00:00:02]} 49. Ra8 {[%clk
00:09:35]} {[%emt 00:00:02]} Bd3 {[%clk 00:00:26]} {[%emt 00:00:05]} 50. Rf8+
{[%clk 00:09:38]} {[%emt 00:00:07]} Ke7 {[%clk 00:00:29]} {[%emt 00:00:06]} 51.
Rf4 {[%clk 00:09:28]} {[%emt 00:00:20]} Ra6 {[%clk 00:00:29]} {[%emt 00:00:11]}
52. Ra4 {[%clk 00:09:37]} Kf6 {[%clk 00:00:35]} {[%emt 00:00:04]} 53. Kf4
{[%clk 00:09:46]} {[%emt 00:00:01]} Bb5 {[%clk 00:00:40]} {[%emt 00:00:04]} 54.
Ra1 {[%clk 00:09:45]} {[%emt 00:00:11]} Rc6 {[%clk 00:00:47]} {[%emt 00:00:04]}
55. Rb1 {[%clk 00:09:47]} {[%emt 00:00:08]} Ba6 {[%clk 00:00:31]} {[%emt
00:00:26]} 56. Rb8 {[%clk 00:09:56]} Rc4+ {[%clk 00:00:31]} {[%emt 00:00:11]}
57. Kg3 {[%clk 00:10:05]} {[%emt 00:00:01]} Rc6 {[%clk 00:00:29]} {[%emt
00:00:11]} 58. Kf4 {[%clk 00:10:14]} {[%emt 00:00:01]} Re6 {[%clk 00:00:24]}
{[%emt 00:00:15]} 59. Rf8+ {[%clk 00:10:17]} {[%emt 00:00:07]} Kg7 {[%clk
00:00:29]} {[%emt 00:00:05]} 60. Ra8 {[%clk 00:10:24]} {[%emt 00:00:02]} Rf6+
{[%clk 00:00:29]} {[%emt 00:00:11]} 61. Kg3 {[%clk 00:10:32]} {[%emt 00:00:03]}
Kh6 {[%clk 00:00:19]} {[%emt 00:00:20]} 62. Ra7 {[%clk 00:10:30]} {[%emt
00:00:11]} Be2 {[%clk 00:00:22]} {[%emt 00:00:07]} 63. f4 {[%clk 00:10:35]}
{[%emt 00:00:05]} Ba6 {[%clk 00:00:16]} {[%emt 00:00:16]} 64. Kf3 {[%clk
00:10:43]} {[%emt 00:00:03]} Re6 {[%clk 00:00:23]} {[%emt 00:00:03]} 65. Rf7
{[%clk 00:10:43]} {[%emt 00:00:10]} Bd3 {[%clk 00:00:25]} {[%emt 00:00:08]} 66.
Rd7 {[%clk 00:10:43]} {[%emt 00:00:09]} Bb5 {[%clk 00:00:24]} {[%emt 00:00:11]}
67. Rf7 {[%clk 00:10:21]} {[%emt 00:00:33]} Be2+ {[%clk 00:00:18]} {[%emt
00:00:16]} 68. Kf2 {[%clk 00:10:28]} {[%emt 00:00:03]} Bc4 {[%clk 00:00:20]}
{[%emt 00:00:06]} 69. Rc7 {[%clk 00:10:04]} {[%emt 00:00:35]} Bd3 {[%clk
00:00:17]} {[%emt 00:00:13]} 70. Kf3 {[%clk 00:10:07]} {[%emt 00:00:07]} Ra6
{[%clk 00:00:24]} {[%emt 00:00:04]} 71. Rc5 {[%clk 00:10:01]} {[%emt 00:00:16]}
Bf5 {[%clk 00:00:27]} {[%emt 00:00:06]} 72. Ke3 {[%clk 00:10:07]} {[%emt
00:00:03]} Kg7 {[%clk 00:00:35]} {[%emt 00:00:03]} 73. Kd4 {[%clk 00:10:16]}
{[%emt 00:00:01]} Kf6 {[%clk 00:00:38]} {[%emt 00:00:06]} 74. Kc4 {[%clk
00:10:24]} {[%emt 00:00:03]} Bh3 {[%clk 00:00:30]} {[%emt 00:00:17]} 75. Kb5
{[%clk 00:10:15]} {[%emt 00:00:19]} Bf1+ {[%clk 00:00:38]} {[%emt 00:00:02]} 76.
Kb4 {[%clk 00:10:24]} Re6 {[%clk 00:00:44]} {[%emt 00:00:04]} 77. Rc1 {[%clk
00:10:23]} {[%emt 00:00:11]} Re4+ {[%clk 00:00:47]} {[%emt 00:00:07]} 78. Kc5
{[%clk 00:10:19]} {[%emt 00:00:14]} Rxf4 {[%clk 00:00:51]} {[%emt 00:00:07]} 79.
Kb6 {[%clk 00:10:27]} {[%emt 00:00:01]} Rb4+ {[%clk 00:00:46]} {[%emt
00:00:15]} 80. Kc5 {[%clk 00:10:30]} {[%emt 00:00:07]} Rf4 {[%clk 00:00:52]}
{[%emt 00:00:03]} 81. Kb6 {[%clk 00:10:38]} {[%emt 00:00:02]} Bg2 {[%clk
00:00:52]} {[%emt 00:00:10]} 82. Rc2 {[%clk 00:10:41]} {[%emt 00:00:07]} Rb4+
{[%clk 00:00:38]} {[%emt 00:00:24]} 83. Ka7 {[%clk 00:10:38]} {[%emt 00:00:12]}
Bd5 {[%clk 00:00:19]} {[%emt 00:00:29]} 84. a6 {[%clk 00:10:46]} {[%emt
00:00:03]} Rxh4 {[%clk 00:00:26]} {[%emt 00:00:04]} 85. Rc5 {[%clk 00:10:47]}
{[%emt 00:00:08]} Bg2 {[%clk 00:00:16]} {[%emt 00:00:20]} 86. Rb5 {[%clk
00:10:47]} {[%emt 00:00:10]} Bf1 {[%clk 00:00:22]} {[%emt 00:00:05]} 87. Rb6+
{[%clk 00:10:52]} {[%emt 00:00:05]} Kg5 {[%clk 00:00:29]} {[%emt 00:00:02]} 88.
Kb7 {[%clk 00:10:47]} {[%emt 00:00:15]} Bxa6+ {[%clk 00:00:37]} {[%emt
00:00:03]} 89. Kc6 {[%clk 00:10:51]} {[%emt 00:00:06]} Bc8 {[%clk 00:00:40]}
{[%emt 00:00:06]} 90. Kd5 {[%clk 00:11:00]} {[%emt 00:00:02]} Bf5 {[%clk
00:00:46]} {[%emt 00:00:04]} 91. Ke5 {[%clk 00:11:01]} {[%emt 00:00:08]} Re4+
{[%clk 00:00:55]} {[%emt 00:00:01]} 92. Kd5 {[%clk 00:11:10]} {[%emt 00:00:02]}
Re1 {[%clk 00:01:03]} {[%emt 00:00:01]} 93. Rb2 {[%clk 00:11:14]} {[%emt
00:00:06]} h4 {[%clk 00:01:08]} {[%emt 00:00:05]} 94. Kd4 {[%clk 00:11:21]}
{[%emt 00:00:03]} h3 {[%clk 00:01:15]} {[%emt 00:00:03]} 95. Rh2 {[%clk
00:11:30]} {[%emt 00:00:02]} Kh4 {[%clk 00:01:19]} {[%emt 00:00:05]} 96. Kc3
{[%clk 00:11:37]} {[%emt 00:00:02]} Rc1+ {[%clk 00:01:24]} {[%emt 00:00:05]} 97.
Kd4 {[%clk 00:11:39]} {[%emt 00:00:09]} Kg3 {[%clk 00:01:29]} {[%emt 00:00:05]}
98. Rd2 {[%clk 00:11:47]} {[%emt 00:00:01]} Rc2 {[%clk 00:01:31]} {[%emt
00:00:08]} 99. Rd1 {[%clk 00:11:49]} {[%emt 00:00:08]} h2 {[%clk 00:01:38]}
{[%emt 00:00:03]} 100. Ke3 {[%clk 00:11:57]} {[%emt 00:00:02]} Rc3+ {[%clk
00:01:45]} {[%emt 00:00:03]} 101. Ke2 {[%clk 00:12:04]} {[%emt 00:00:02]} Bg4+
{[%clk 00:01:53]} {[%emt 00:00:02]} 102. Kd2 {[%clk 00:12:01]} {[%emt
00:00:13]} Bxd1 {[%clk 00:01:58]} {[%emt 00:00:06]} 103. Ke1 {[%clk 00:12:07]}
{[%emt 00:00:03]} 0-1

[Event "Kadettlandskamp NOR-SWE A 2018"]
[Site "NTG, Bærum, Norway"]
[Date "2018.12.15"]
[Round "8.3"]
[White "Söderström, Adrian"]
[Black "Kaasen, Tor Fredrik"]
[Result "0-1"]
[BlackTitle "IM"]
[WhiteFideId "1745786"]
[BlackFideId "1516647"]
[WhiteElo "1949"]
[BlackElo "2106"]

1. d4 {[%clk 00:15:19]} Nf6 {[%clk 00:15:17]} {[%emt 00:00:04]} 2. c4 {[%clk
00:15:28]} {[%emt 00:00:01]} g6 {[%clk 00:15:25]} {[%emt 00:00:02]} 3. Nc3
{[%clk 00:15:37]} {[%emt 00:00:01]} d5 {[%clk 00:15:34]} 4. cxd5 {[%clk
00:15:47]} Nxd5 {[%clk 00:15:42]} {[%emt 00:00:01]} 5. e4 {[%clk 00:15:56]}
{[%emt 00:00:01]} Nxc3 {[%clk 00:15:50]} {[%emt 00:00:02]} 6. bxc3 {[%clk
00:16:05]} Bg7 {[%clk 00:15:58]} {[%emt 00:00:02]} 7. Bc4 {[%clk 00:16:14]}
{[%emt 00:00:01]} c5 {[%clk 00:16:04]} {[%emt 00:00:05]} 8. Ne2 {[%clk
00:16:23]} {[%emt 00:00:01]} Nc6 {[%clk 00:16:10]} {[%emt 00:00:05]} 9. Be3
{[%clk 00:16:32]} O-O {[%clk 00:16:18]} {[%emt 00:00:01]} 10. O-O {[%clk
00:16:40]} {[%emt 00:00:01]} Bg4 {[%clk 00:16:27]} {[%emt 00:00:02]} 11. f3
{[%clk 00:16:49]} {[%emt 00:00:02]} Bd7 {[%clk 00:16:36]} 12. Qd2 {[%clk
00:16:15]} {[%emt 00:00:43]} Rc8 {[%clk 00:16:41]} {[%emt 00:00:04]} 13. Rac1
{[%clk 00:16:22]} {[%emt 00:00:03]} Qa5 {[%clk 00:16:34]} {[%emt 00:00:18]} 14.
Rfd1 {[%clk 00:15:17]} {[%emt 00:01:14]} Rfd8 {[%clk 00:16:12]} {[%emt
00:00:32]} 15. Qb2 {[%clk 00:14:19]} {[%emt 00:01:08]} Qc7 {[%clk 00:14:16]}
{[%emt 00:02:06]} 16. Nf4 {[%clk 00:12:15]} {[%emt 00:02:14]} e6 {[%clk
00:12:57]} {[%emt 00:01:30]} 17. d5 {[%clk 00:12:01]} {[%emt 00:00:24]} Na5
{[%clk 00:11:54]} {[%emt 00:01:12]} 18. Bf1 {[%clk 00:10:10]} {[%emt 00:02:01]}
e5 {[%clk 00:10:51]} {[%emt 00:01:14]} 19. d6 {[%clk 00:09:53]} {[%emt
00:00:26]} Qc6 {[%clk 00:08:40]} {[%emt 00:02:20]} 20. Nd5 {[%clk 00:09:51]}
{[%emt 00:00:13]} Bf8 {[%clk 00:07:27]} {[%emt 00:01:24]} 21. Bg5 {[%clk
00:08:31]} {[%emt 00:01:29]} Bxd6 {[%clk 00:06:58]} {[%emt 00:00:39]} 22. Bxd8
{[%clk 00:07:47]} {[%emt 00:00:54]} Rxd8 {[%clk 00:07:06]} {[%emt 00:00:02]} 23.
Qd2 {[%clk 00:06:46]} {[%emt 00:01:12]} Kg7 {[%clk 00:05:17]} {[%emt 00:01:59]}
24. Qg5 {[%clk 00:06:19]} {[%emt 00:00:36]} Re8 {[%clk 00:04:49]} {[%emt
00:00:39]} 25. Qf6+ {[%clk 00:05:33]} {[%emt 00:00:56]} Kg8 {[%clk 00:04:54]}
{[%emt 00:00:04]} 26. Bb5 {[%clk 00:05:11]} {[%emt 00:00:32]} Qxb5 {[%clk
00:03:50]} {[%emt 00:01:15]} 27. Qxd6 {[%clk 00:05:19]} {[%emt 00:00:02]} Re6
{[%clk 00:01:32]} {[%emt 00:02:28]} 28. Nf6+ {[%clk 00:04:13]} {[%emt
00:01:16]} Rxf6 {[%clk 00:01:10]} {[%emt 00:00:33]} 29. Qxf6 {[%clk 00:04:16]}
{[%emt 00:00:07]} Nc4 {[%emt 00:00:01]} 30. Qd8+ {[%clk 00:04:16]} {[%emt
00:00:09]} Be8 {[%clk 00:01:29]} 31. Qd3 {[%clk 00:04:04]} {[%emt 00:00:21]}
Bc6 {[%clk 00:01:25]} {[%emt 00:00:14]} 32. h3 {[%clk 00:03:46]} {[%emt
00:00:28]} Kg7 {[%clk 00:01:34]} {[%emt 00:00:02]} 33. Kh2 {[%clk 00:03:53]}
{[%emt 00:00:02]} Qa4 {[%clk 00:01:42]} {[%emt 00:00:02]} 34. Qc2 {[%clk
00:03:27]} {[%emt 00:00:35]} Qxc2 {[%clk 00:01:46]} {[%emt 00:00:07]} 35. Rxc2
{[%clk 00:03:36]} {[%emt 00:00:01]} Ne3 {[%clk 00:01:55]} 36. Rcd2 {[%clk
00:03:40]} {[%emt 00:00:07]} Nxd1 {[%clk 00:02:04]} {[%emt 00:00:01]} 37. Rxd1
{[%clk 00:03:49]} Kf6 {[%clk 00:02:06]} {[%emt 00:00:07]} 38. Kg1 {[%clk
00:03:54]} {[%emt 00:00:06]} Ke7 {[%clk 00:02:02]} {[%emt 00:00:14]} 39. Kf2
{[%clk 00:04:03]} b6 {[%clk 00:01:50]} {[%emt 00:00:23]} 40. Ke3 {[%clk
00:03:42]} {[%emt 00:00:32]} Ba4 {[%clk 00:01:48]} {[%emt 00:00:11]} 41. Rd5
{[%clk 00:03:46]} {[%emt 00:00:06]} f6 {[%clk 00:01:51]} {[%emt 00:00:08]} 42.
g3 {[%clk 00:03:30]} {[%emt 00:00:25]} Bc6 {[%clk 00:01:57]} {[%emt 00:00:03]}
43. Rd2 {[%clk 00:03:38]} {[%emt 00:00:01]} Bb7 {[%clk 00:02:02]} {[%emt
00:00:06]} 44. f4 {[%clk 00:03:42]} {[%emt 00:00:06]} Bc6 {[%clk 00:02:10]}
{[%emt 00:00:02]} 45. g4 {[%clk 00:03:29]} {[%emt 00:00:22]} exf4+ {[%clk
00:01:34]} {[%emt 00:00:46]} 46. Kxf4 {[%clk 00:03:38]} {[%emt 00:00:02]} g5+
{[%clk 00:01:44]} 47. Ke3 {[%clk 00:02:47]} {[%emt 00:01:01]} Bb7 {[%clk
00:01:46]} {[%emt 00:00:08]} 48. Kf3 {[%clk 00:01:32]} {[%emt 00:01:25]} Bc6
{[%clk 00:01:51]} {[%emt 00:00:05]} 49. h4 {[%clk 00:01:33]} {[%emt 00:00:09]}
h6 {[%clk 00:01:46]} {[%emt 00:00:15]} 50. hxg5 {[%clk 00:01:42]} {[%emt
00:00:01]} hxg5 {[%clk 00:01:55]} 51. Ke3 {[%clk 00:01:42]} {[%emt 00:00:09]}
b5 {[%clk 00:01:50]} {[%emt 00:00:15]} 52. Rh2 {[%clk 00:01:47]} {[%emt
00:00:04]} a5 {[%clk 00:01:36]} {[%emt 00:00:24]} 53. Rh8 {[%clk 00:01:47]}
{[%emt 00:00:10]} Ke6 {[%clk 00:01:42]} {[%emt 00:00:05]} 54. Rc8 {[%clk
00:01:42]} {[%emt 00:00:15]} Kd7 {[%clk 00:01:49]} {[%emt 00:00:03]} 55. Rb8
{[%clk 00:01:39]} {[%emt 00:00:14]} b4 {[%clk 00:01:38]} {[%emt 00:00:22]} 56.
cxb4 {[%clk 00:01:35]} {[%emt 00:00:14]} axb4 {[%clk 00:01:35]} {[%emt
00:00:13]} 57. Rh8 {[%clk 00:01:25]} {[%emt 00:00:19]} Ke6 {[%clk 00:01:34]}
{[%emt 00:00:11]} 58. Rh7 {[%clk 00:01:28]} {[%emt 00:00:07]} Kd6 {[%clk
00:04:45]} {[%emt 00:00:08]} 59. Rh1 {[%clk 00:00:56]} {[%emt 00:00:42]} Bd7
{[%clk 00:01:16]} {[%emt 00:00:30]} 60. Rd1+ {[%clk 00:01:01]} {[%emt
00:00:05]} Kc6 {[%clk 00:01:21]} {[%emt 00:00:04]} 61. Rf1 {[%clk 00:01:07]}
{[%emt 00:00:04]} Bxg4 {[%clk 00:01:02]} {[%emt 00:00:30]} 62. Rxf6+ {[%clk
00:01:16]} Kd7 {[%clk 00:01:07]} {[%emt 00:00:06]} 63. Rg6 {[%clk 00:01:08]}
{[%emt 00:00:18]} Be6 {[%clk 00:01:15]} {[%emt 00:00:02]} 64. Rxg5 {[%clk
00:01:06]} {[%emt 00:00:12]} Kd6 {[%clk 00:01:15]} {[%emt 00:00:10]} 65. Rg2
{[%clk 00:01:03]} {[%emt 00:00:13]} Ke5 {[%clk 00:01:17]} {[%emt 00:00:08]} 66.
Rc2 {[%clk 00:00:32]} {[%emt 00:00:41]} Kd6 {[%clk 00:00:57]} {[%emt 00:00:29]}
67. Kd3 {[%clk 00:00:38]} {[%emt 00:00:05]} Bd7 {[%clk 00:00:48]} {[%emt
00:00:17]} 68. Kc4 {[%clk 00:00:27]} {[%emt 00:00:23]} Kc6 {[%clk 00:00:48]}
{[%emt 00:00:09]} 69. Kb3 {[%clk 00:00:24]} {[%emt 00:00:14]} Kb5 {[%clk
00:00:40]} {[%emt 00:00:18]} 70. a3 {[%clk 00:00:21]} {[%emt 00:00:13]} c4+
{[%clk 00:00:20]} {[%emt 00:00:31]} 71. Kb2 {[%clk 00:00:29]} {[%emt 00:00:02]}
c3+ {[%clk 00:00:23]} {[%emt 00:00:07]} 72. Kb1 {[%clk 00:00:19]} {[%emt
00:00:20]} Bc6 {[%clk 00:00:30]} {[%emt 00:00:03]} 73. Re2 {[%clk 00:00:14]}
{[%emt 00:00:16]} b3 {[%clk 00:00:28]} {[%emt 00:00:11]} 74. Re3 {[%clk
00:00:20]} {[%emt 00:00:03]} Kc4 {[%clk 00:00:38]} 75. e5 {[%clk 00:00:25]}
{[%emt 00:00:05]} Kd4 {[%clk 00:00:44]} {[%emt 00:00:03]} 76. Re1 {[%clk
00:00:23]} {[%emt 00:00:13]} Kd3 {[%clk 00:00:17]} {[%emt 00:00:36]} 77. e6
{[%clk 00:00:26]} {[%emt 00:00:09]} Kd2 {[%clk 00:00:25]} 78. Rg1 {[%clk
00:00:15]} {[%emt 00:00:21]} Be4+ {[%clk 00:00:34]} {[%emt 00:00:01]} 79. Ka1
{[%clk 00:00:24]} b2+ {[%clk 00:00:42]} {[%emt 00:00:02]} 80. Ka2 {[%clk
00:00:33]} b1=Q+ {[%clk 00:00:50]} {[%emt 00:00:02]} 81. Rxb1 Bxb1+ {[%clk
00:00:59]} 82. Kxb1 {[%clk 00:00:45]} {[%emt 00:00:07]} c2+ {[%clk 00:01:09]}
83. Ka2 {[%clk 00:00:54]} c1=Q {[%clk 00:01:15]} {[%emt 00:00:03]} 84. Kb3
{[%clk 00:01:01]} {[%emt 00:00:04]} Qc6 {[%clk 00:01:23]} {[%emt 00:00:01]} 85.
a4 {[%clk 00:01:09]} {[%emt 00:00:03]} Qxe6+ {[%clk 00:01:32]} {[%emt
00:00:01]} 86. Kb4 {[%clk 00:01:18]} Qa6 {[%clk 00:01:41]} 0-1